000 00225nam a2200097Ia 4500
005 20250424112853.0
008 250424s9999 xx 000 0 und d
300 _a90 p. ; 24 cm.
650 _aFinance--Periodicals.
942 _cSR
999 _c37618
_d37618